| 000 | 00672nam a2200205 u 4500 | ||
|---|---|---|---|
| 001 | 000651801 | ||
| 003 | AM-YeHGA | ||
| 005 | 20250617141228.0 | ||
| 008 | 090417s1950 nyua r 000 0 eng d | ||
| 040 | _aAM-YeHGA | ||
| 041 | 0 | _aeng | |
| 100 | 1 |
_aEinstein, Albert _d1879-1955 |
|
| 245 | 1 | 4 |
_aThe evolution of physics : _bThe growth of ideas from early concepts to relativity and quanta / _cby Albert Einstein and Leopold Infeld. |
| 260 |
_aNew York : _bSimon and Schuster, _c1950. |
||
| 300 |
_a319 p. : _bill. ; _c21 cm. |
||
| 650 | 1 | 4 |
_aPhysics _xHistory |
| 650 | 1 | 4 |
_aRelativity (Physics) _xQuantum theory. |
| 700 | 1 |
_aInfeld, Leopold, _d1898-1968 |
|
| 090 | _c236130 | ||
| 999 |
_c234568 _d234568 |
||